01162nam a2200181Ia 4500003000900000005001700009008004100026040003100067040001300098041000800111100002500119245017500144250001100319260003800330300002000368520056800388710002400956IT-RoPAU20220918175717.0120407s9999 xx 000 0 und d aIT-RoPAUc20140324152500.0 cIT-RoPAU aita aCasa Generalizia FSP aAtti Convegno “ Vi porto nel cuore “ba 25 anni dalla morte della Serva di Dio Tecla Merlo. 1964- 5 febbraio 1989.Rocca di Papa (Mondo Migliore) 2-5 febbraio 1989." a1° ed c1989aRoma bCasa Generalizia FSP a156 p.c29,5 cm aIndice Presentazione Partecipanti Programma Sigle Benvenuto alle partecipanti al Convegno (Sr. Maria Cevolani fsp, Superiora Generale) Parte 1.a: Inquadratura storica Parte 2.a: La personalità della Prima Maestra Tecla e il suo messaggio spirituale Parte 3.a: La Prima Maestra Tecla nelle testimonianze Conclusione del Convegno (Sr. Maria Cevoolani fsp, Superiora Generale) Attualizzazione: Lavori di gruppo e appendice Attualizzazione: lavori di gruppo Recital: Veglia Prima Maestra Guida alla Moostra sulla Prima Maestra Canti sulla Prima Maestra Indice  aFiglie di San Paolo